20 Most-Least Guessed Capitals of the World - Statistics

General Stats
  • This quiz has been taken 1,184 times
  • The average score is 36 of 80
Answer Stats
ANSWER % Correct
Paris
84%
London
82%
Washington D.C.
82%
Rome
76%
Moscow
75%
Beijing
74%
Tokyo
74%
Berlin
73%
Madrid
73%
Mexico
73%
France
72%
United States
70%
United Kingdom
69%
China
65%
Italy
65%
Russia
65%
Japan
64%
Mexico City
64%
Spain
64%
Germany
63%
Brasilia
62%
Lisbon
57%
Brazil
56%
Buenos Aires
54%
Athens
52%
Oslo
52%
Palau
52%
Tuvalu
52%
Amsterdam
51%
Nauru
51%
Dublin
50%
Portugal
50%
Tonga
50%
Marshall Islands
49%
Argentina
48%
Solomon Islands
48%
Funafuti
46%
Greece
45%
Micronesia
45%
Netherlands
45%
Ireland
44%
Kiribati
44%
Norway
44%
Brussels
43%
Nuku'alofa
43%
Yaren
42%
Ngerulmud
41%
Vienna
41%
Honiara
40%
Palikir
40%
Belgium
39%
Majuro
37%
Austria
35%
Tarawa
32%
Lesotho
29%
Maseru
28%
Praia
28%
Vatican City
28%
Mbabane
27%
Central African Republic
26%
Bangui
25%
Cape Verde
25%
Banjul
24%
Malabo
24%
Swaziland
23%
Vatican City
23%
Burundi
22%
Gambia
21%
N'Djamena
21%
Chad
20%
Equatorial Guinea
19%
Malawi
17%
Nouakchott
17%
Bujumbura
16%
Lilongwe
16%
Mauritania
16%
Yamoussoukro
15%
Cote d'Ivoire
14%
Naypyidaw
12%
Burma
9%
No matching quizzes found
Score Distribution
Percent of People with Each Score
Percentile by Number Answered
Your Score History
You have not taken this quiz